[Event "ch-FRA Blitz Online Qual"]
[Site "Europe-Chess INT"]
[Date "2020.05.16"]
[Round "11"]
[White "Deschamps, Quentin"]
[Black "Monmaille, Eric"]
[Result "1-0"]
[WhiteElo "1908"]
[BlackElo "1400"]
[WhiteFideId "26010119"]
[BlackFideId "26064529"]
[EventDate "2020.05.16"]

1. e4 e5 2. Nf3 Nc6 3. d4 exd4 4. Bc4 d6 5. O-O Ne5 6. Be2 Nf6 7. Bg5 Be7 8.
Bxf6 Bxf6 9. Nxd4 O-O 10. Nc3 Be6 11. f4 Ng6 12. f5 Bxd4+ 13. Qxd4 Ne5 14. fxe6
fxe6 15. Rad1 Qg5 16. g3 Ng4 17. Bxg4 Qxg4 18. Qe3 a6 19. Rxf8+ Rxf8 20. Rf1
Rxf1+ 21. Kxf1 Qh3+ 22. Kg1 Qh5 23. Kg2 e5 24. Nd5 c5 25. Qf3 Qe8 26. Qf5 b5 27.
Qg5 Qf7 28. Qd8+ Qf8 29. Ne7+ Kf7 30. Qxf8+ Kxf8 31. Nf5 g5 32. Nxd6 Ke7 33.
Nf5+ Ke6 34. Kf3 h5 35. Ng7+ Kf6 36. Nxh5+ Kg6 37. Kg4 c4 38. h4 gxh4 39. gxh4
a5 40. Ng3 b4 41. h5+ Kh6 42. Nf5+ Kh7 43. Ne3 c3 44. b3 Kh6 45. Nf5+ Kh7 46.
Kg5 Kh8 47. Kg6 a4 48. h6 axb3 49. h7 b2 50. Nd6 b1=Q 51. Nf7# 1-0

[Event "ch-FRA Blitz Online Qual"]
[Site "Europe-Chess INT"]
[Date "2020.05.16"]
[Round "11"]
[White "Dubois, Martine"]
[Black "Daunay, Gabriel"]
[Result "0-1"]
[WhiteTitle "WIM"]
[WhiteElo "1802"]
[BlackElo "1701"]
[WhiteFideId "601926"]
[BlackFideId "45103321"]
[EventDate "2020.05.16"]

1. e4 c6 2. c4 d5 3. cxd5 cxd5 4. exd5 Qxd5 5. Nc3 Qd8 6. Nf3 Nf6 7. Bc4 Bg4 8.
Qb3 e6 9. Qxb7 Nbd7 10. Bb5 Be7 11. Bxd7+ Nxd7 12. O-O O-O 13. Qe4 Bf5 14. Qe3
Bc5 15. d4 Bb6 16. Ng5 Nf6 17. Nf3 Nd5 18. Nxd5 Qxd5 19. Qe5 Qd7 20. Rd1 Rfd8
21. Be3 Rac8 22. h3 Bc7 23. Qc5 Bh2+ 24. Kxh2 Rxc5 25. dxc5 Qc7+ 26. Kg1 f6 27.
Nd4 Kf7 28. c6 Be4 29. Nb5 Rxd1+ 30. Rxd1 Qxc6 31. Nd6+ Kg6 32. Nxe4 Qxe4 33.
Rd4 Qb1+ 34. Kh2 Qxb2 35. a4 e5 36. Rg4+ Kf7 37. Bxa7 h5 38. Rg3 g5 39. a5 Qb7
40. Bb6 Kg6 41. Rc3 e4 42. Rc7 Qb8 43. g3 h4 44. Rc3 hxg3+ 45. fxg3 f5 46. Bc7
Qa7 47. Rc6+ Kf7 48. Bb6 Qa8 49. Rc7+ Ke6 50. Rc6+ Qxc6 51. h4 gxh4 52. gxh4
Qc2+ 53. Kg3 Qd3+ 54. Kf4 Qf3+ 55. Kg5 e3 56. Bxe3 Qxe3+ 57. Kg6 Qa7 58. h5 Qxa5
59. h6 Qd8 60. h7 Qf6+ 61. Kh5 Qh8 62. Kg6 f4 63. Kh6 Kf6 64. Kh5 Qxh7+ 65. Kg4
Qf5+ 66. Kf3 Qd5+ 67. Kxf4 Qe5+ 68. Kf3 Qd4 69. Kg3 Qe4 70. Kh3 Qf4 71. Kg2 Qe3
72. Kh2 Qf3 73. Kg1 Qe2 74. Kh1 Kg5 75. Kg1 Kg4 76. Kh1 Kg3 77. Kg1 Qg2# 0-1

[Event "ch-FRA Blitz Online Qual"]
[Site "Europe-Chess INT"]
[Date "2020.05.16"]
[Round "11"]
[White "Frey, Thierry"]
[Black "Gilles, Francois"]
[Result "1/2-1/2"]
[WhiteElo "1792"]
[BlackElo "1637"]
[WhiteFideId "1317709"]
[BlackFideId "654663"]
[EventDate "2020.05.16"]

1. e4 Nf6 2. e5 Nd5 3. d4 d6 4. c4 Nb6 5. exd6 exd6 6. Nc3 Bf5 7. Be3 Be7 8. Nf3
O-O 9. Be2 h6 10. O-O Bf6 11. Rc1 N8d7 12. h3 c5 13. Bd3 Bxd3 14. Qxd3 Rc8 15.
Ne4 cxd4 16. Bxd4 Bxd4 17. Nxd4 Ne5 18. Qg3 Rxc4 19. Rxc4 Nbxc4 20. Nf5 Ng6 21.
h4 Re8 22. Nexd6 Nxd6 23. Nxd6 Re2 24. h5 Nf8 25. Nxf7 Qd7 26. Nxh6+ Kh7 27. Ng4
Rxb2 28. Ne5 Qd6 29. Qe3 Rd2 30. Nf7 Qd7 31. Ng5+ Kg8 32. Qf3 Rd3 33. Qf4 Rd4
34. Qf3 Rd3 35. Qf4 Rd4 36. Qf3 Rd3 1/2-1/2

[Event "ch-FRA Blitz Online Qual"]
[Site "Europe-Chess INT"]
[Date "2020.05.16"]
[Round "11"]
[White "Pierre, Timothee"]
[Black "Janon, Nicolas"]
[Result "0-1"]
[WhiteElo "1858"]
[BlackElo "1392"]
[WhiteFideId "643076"]
[BlackFideId "36039136"]
[EventDate "2020.05.16"]

1. f4 d5 2. Nf3 Nc6 3. g3 Bf5 4. Bg2 e6 5. d3 Bd6 6. O-O Nf6 7. Be3 O-O 8. Nbd2
Re8 9. Bf2 h6 10. c3 e5 11. fxe5 Nxe5 12. Nxe5 Bxe5 13. d4 Bd6 14. Nf3 c6 15.
Qd2 Qc7 16. Nh4 Ne4 17. Bxe4 Bxe4 18. Be3 Re6 19. Bf4 Bxf4 20. Qxf4 Qxf4 21.
gxf4 Rf6 22. e3 Re8 23. Nf3 Bxf3 24. Rxf3 b6 25. Raf1 c5 26. Kg2 cxd4 27. exd4
Re4 28. f5 Rg4+ 29. Kh3 Re4 30. R1f2 Kh7 31. Kg3 h5 32. h3 Re1 33. Kh4 Re4+ 34.
Kxh5 Rh6+ 35. Kg5 f6# 0-1

[Event "ch-FRA Blitz Online Qual"]
[Site "Europe-Chess INT"]
[Date "2020.05.16"]
[Round "11"]
[White "Sallette, Alain"]
[Black "Pernoud, Claire"]
[Result "1-0"]
[WhiteElo "1831"]
[BlackElo "1428"]
[WhiteFideId "626570"]
[BlackFideId "663018"]
[EventDate "2020.05.16"]

1. d4 d5 2. Bf4 Nf6 3. e3 e6 4. c3 Be7 5. Nd2 O-O 6. Bd3 c5 7. Ngf3 c4 8. Bc2
Nbd7 9. O-O Qb6 10. b3 cxb3 11. axb3 Bd6 12. Ne5 Bxe5 13. dxe5 Ne8 14. Qh5 Nc5
15. Qxh7# 1-0

[Event "ch-FRA Blitz Online Qual"]
[Site "Europe-Chess INT"]
[Date "2020.05.16"]
[Round "11"]
[White "LHeritier, Boris"]
[Black "Sayah-Hobon, Noah"]
[Result "0-1"]
[WhiteElo "1763"]
[BlackElo "1364"]
[WhiteFideId "26033003"]
[BlackFideId "551015609"]
[EventDate "2020.05.16"]

1. d4 f5 2. f3 Nf6 3. e4 d6 4. Bd3 fxe4 5. fxe4 e5 6. Nf3 Bg4 7. O-O Be7 8. c3
O-O 9. Bg5 Bxf3 10. Rxf3 Nfd7 11. Rxf8+ Qxf8 12. Bxe7 Qxe7 13. Qb3+ Qf7 14. Qxb7
Qf4 15. Bc4+ Kf8 16. Na3 Qe3+ 17. Kh1 Nb6 18. Rf1+ Ke7 19. Qxa8 Nxa8 20. Bd5 c6
21. Nc4 Qe2 22. Rf7+ Kd8 23. Rf8+ Kc7 0-1

[Event "ch-FRA Blitz Online Qual"]
[Site "Europe-Chess INT"]
[Date "2020.05.16"]
[Round "11"]
[White "Richard, Maxime"]
[Black "Bourgeois, Ludovic"]
[Result "0-1"]
[WhiteElo "1436"]
[BlackElo "1748"]
[WhiteFideId "20643411"]
[BlackFideId "690678"]
[EventDate "2020.05.16"]

1. d4 g6 2. c4 Bg7 3. e4 c5 4. d5 d6 5. Nc3 Nf6 6. f3 O-O 7. Be3 b5 8. Nxb5 Qb6
9. Qd2 a6 10. Nc3 Nbd7 11. f4 Ng4 12. Rb1 Nxe3 13. Qxe3 Rb8 14. Nf3 Nf6 15. h3
Nh5 16. Nd2 Bd4 17. Qf3 Bd7 18. Nb3 Bg7 19. g4 Nf6 20. Bd3 a5 21. Rg1 a4 22. Nd2
Qb4 23. f5 a3 24. Nb3 axb2 25. Bc2 Qxc4 26. Rxb2 Ba4 27. g5 Nh5 28. Nxa4 Bxb2
29. Nxb2 Qxc2 30. Nd3 Qb1+ 31. Kf2 Qxa2+ 32. Kf1 Qxb3 33. fxg6 fxg6 34. Nf4 Rxf4
35. Ke2 Rxf3 36. Kd2 Qd3+ 37. Kc1 Qb1+ 38. Kd2 Rb2# 0-1

[Event "ch-FRA Blitz Online Qual"]
[Site "Europe-Chess INT"]
[Date "2020.05.16"]
[Round "11"]
[White "Toussaint, Florent"]
[Black "Levy, Kevin"]
[Result "1/2-1/2"]
[WhiteElo "1391"]
[BlackElo "1740"]
[WhiteFideId "36088730"]
[BlackFideId "45128588"]
[EventDate "2020.05.16"]

1. d4 d5 2. Nf3 Nf6 3. Bf4 e6 4. e3 c5 5. c3 Nc6 6. Bd3 Nh5 7. Bg3 g6 8. Nbd2
cxd4 9. exd4 Bd6 10. Bh4 f6 11. Qc2 Nf4 12. Bb5 Nxg2+ 13. Kf1 Nxh4 14. Nxh4 Qe7
15. Re1 O-O 16. Rg1 Bxh2 17. Rg2 g5 18. Rxh2 gxh4 19. Rxh4 Rf7 20. Ke2 a6 21.
Rg1+ Kf8 22. Bd3 f5 23. Rh3 Ke8 24. Rhg3 Kd7 25. Nf3 h6 26. Ne5+ Nxe5 27. dxe5
b5 28. Qd2 Bb7 29. Rg6 Rh7 30. Rxh6 Rd8 31. Rgg6 Rxh6 32. Qxh6 Rf8 33. Rg7 Rf7
34. Rxf7 Qxf7 35. f4 Kc6 36. Ke3 Bc8 37. Kd4 Qe7 38. Bxf5 Qc5+ 39. Kd3 Qc4+ 40.
Kd2 Qxa2 41. Bxe6 Qxb2+ 42. Kd3 Qb1+ 43. Kd2 Qb2+ 44. Ke3 Qc1+ 45. Kf3 Qxc3+ 46.
Kg4 Bxe6+ 47. Qxe6+ Kc5 48. Qc8+ Kb4 49. Qxa6 d4 50. Qd6+ Qc5 51. Qxc5+ Kxc5 52.
Kf3 Kd5 53. Ke2 b4 54. Kd2 b3 55. Kd3 Ke6 56. Kd2 Kf5 57. Kd3 Ke6 58. Kd2 1/2-1/2

[Event "ch-FRA Blitz Online Qual"]
[Site "Europe-Chess INT"]
[Date "2020.05.16"]
[Round "11"]
[White "Nezosi, Constantin"]
[Black "Genot, Jean-Paul"]
[Result "0-1"]
[WhiteElo "1458"]
[BlackElo "1673"]
[WhiteFideId "36066974"]
[BlackFideId "45150940"]
[EventDate "2020.05.16"]

1. e4 c5 2. Nf3 g6 3. c3 Bg7 4. d4 cxd4 5. cxd4 d5 6. e5 Nc6 7. Nc3 f6 8. exf6
Nxf6 9. Bb5 O-O 10. O-O Bg4 11. h3 Bd7 12. Bxc6 bxc6 13. Ne5 Be8 14. Ne2 c5 15.
Nf4 Bf7 16. Nxf7 Rxf7 17. Ne6 Qd6 18. Nxg7 Kxg7 19. Qd2 cxd4 20. Qxd4 e5 21. Qh4
Kg8 22. f3 Raf8 23. Bh6 Re8 24. Rad1 Qb6+ 25. Qf2 Qxf2+ 26. Rxf2 Rd7 27. Bg5 Re6
28. Bxf6 Rxf6 29. Re2 Re6 30. Rde1 Rde7 31. Kf2 Kf7 32. Ke3 Kf6 33. Rd1 Rd6 34.
Kf2 g5 35. Kg3 h5 36. Re3 d4 37. Red3 Rb6 38. b3 Ra6 39. a4 Rb6 40. Rc1 Reb7 41.
Rb1 Rb4 42. a5 a6 43. Rc1 Re7 44. Rc6+ Re6 45. Rxe6+ Kxe6 46. h4 Kf5 47. hxg5
Kxg5 48. Kf2 h4 49. g3 hxg3+ 50. Kxg3 Rb5 51. Kf2 Rxa5 52. Kg3 Rb5 53. Kf2 Ra5
54. Kg3 Ra3 55. Kf2 Kf5 56. Ke2 a5 57. Kd2 Ra2+ 58. Kc1 Kf4 59. Kb1 Rf2 60. Kc1
Rxf3 61. Rxf3+ Kxf3 62. Kd2 Ke4 63. Ke2 Kd5 64. Kd3 e4+ 65. Kc2 Kc5 66. Kd2 Kb4
67. Kc2 d3+ 68. Kd2 Kxb3 69. Ke1 Kc2 70. Kf2 d2 71. Ke3 d1=Q 72. Kxe4 Qe2+ 73.
Kd5 Kc3 74. Kc5 a4 75. Kb6 a3 76. Kc7 Qe6 77. Kd8 Kc4 78. Kc7 Kd5 79. Kd8 Qf7
80. Kc8 Kd6 81. Kb8 Kc6 82. Ka8 Kb6 83. Kb8 Qg8# 0-1

[Event "ch-FRA Blitz Online Qual"]
[Site "Europe-Chess INT"]
[Date "2020.05.16"]
[Round "11"]
[White "Hilton, Marc"]
[Black "Rajaobelina, Hery"]
[Result "1-0"]
[WhiteElo "1546"]
[BlackElo "1592"]
[WhiteFideId "36086983"]
[BlackFideId "36054836"]
[EventDate "2020.05.16"]

1. d4 Nf6 2. c4 g6 3. Nc3 Bg7 4. e4 d6 5. Nf3 O-O 6. Be2 e5 7. O-O Nc6 8. d5 Ne7
9. Ne1 Nd7 10. f3 f5 11. g4 Nf6 12. Nd3 f4 13. g5 Nh5 14. Rf2 Kh8 15. b4 Ng8 16.
Rg2 Bh3 17. Rf2 Qxg5+ 18. Kh1 Ngf6 19. c5 Ng3+ 20. hxg3 Qxg3 21. Rh2 Nh5 22. Qg1
Qh4 23. Qf2 Ng3+ 24. Kg1 Nxe2+ 25. Nxe2 Qxf2+ 26. Kxf2 Bd7 27. Nb2 Bb5 28. Bd2
g5 29. a4 Bd7 30. Rah1 h6 31. Rg1 Kg8 32. Nc4 dxc5 33. bxc5 Rf6 34. a5 Bb5 35.
Nxe5 Re8 36. Ng4 Rg6 37. Rgh1 Kh7 38. Nd4 Bxd4+ 39. Kg2 Bg7 40. Rh3 Bd4 41.
Rxh6+ Rxh6 42. Rxh6+ Kg7 43. d6 Rh8 44. Rxh8 Kxh8 45. dxc7 Bd7 46. Bb4 1-0

[Event "ch-FRA Blitz Online Qual"]
[Site "Europe-Chess INT"]
[Date "2020.05.16"]
[Round "11"]
[White "Anas, Raphael"]
[Black "Senegas, Pascal"]
[Result "0-1"]
[WhiteElo "1421"]
[BlackElo "1654"]
[WhiteFideId "45115770"]
[BlackFideId "45102074"]
[EventDate "2020.05.16"]

1. e4 e5 2. Nf3 Nc6 3. Bc4 Bc5 4. d3 h6 5. Be3 Bb6 6. Nc3 Nf6 7. d4 exd4 8. Nxd4
Nxd4 9. Bxd4 Bxd4 10. Qxd4 d6 11. O-O-O O-O 12. h4 Be6 13. Bxe6 fxe6 14. g4 e5
15. Qc4+ Kh8 16. g5 Ng4 17. gxh6 gxh6 18. Rd2 Nxf2 19. Qe6 Rf6 20. Qc4 Nxh1 21.
b3 Ng3 22. Rg2 Rf1+ 23. Kb2 Qxh4 24. Qxc7 Rg8 25. Qxd6 Qf4 26. Ka3 Qf8 27. Qxf8
Rfxf8 28. Rh2 Kh7 29. Rh3 Rf4 30. Rh2 Nxe4 31. Nxe4 Rxe4 32. Rd2 Rd4 33. Rf2 e4
34. Rf7+ Rg7 35. Rf8 e3 36. Re8 Rd2 37. Rxe3 Rxc2 38. Kb4 Rxa2 39. Kc3 Rag2 40.
Rh3 R2g3+ 41. Rxg3 Rxg3+ 42. Kc4 h5 43. Kc5 h4 44. Kd6 h3 45. Kc7 h2 46. Kxb7
h1=Q+ 47. Kxa7 Rxb3 48. Ka6 Qa8# 0-1

[Event "ch-FRA Blitz Online Qual"]
[Site "Europe-Chess INT"]
[Date "2020.05.16"]
[Round "11"]
[White "Lamblain, Nicolas"]
[Black "Sepahpour, Shervine"]
[Result "0-1"]
[WhiteElo "1645"]
[BlackElo "1398"]
[WhiteFideId "20605641"]
[BlackFideId "45150478"]
[EventDate "2020.05.16"]

1. e4 c5 2. Nf3 e6 3. d4 cxd4 4. Nxd4 Nf6 5. Nc3 Nc6 6. Nb3 Bb4 7. Bd3 d5 8.
exd5 Nxd5 9. Bd2 Nxc3 10. bxc3 Bd6 11. O-O O-O 12. Qh5 g6 13. Qh6 Be5 14. Rad1
Bg7 15. Qh3 e5 16. Qg3 f5 17. Bg5 Qc7 18. f4 Kh8 19. Qh4 e4 20. Bb5 Be6 21. Nd4
Nxd4 22. cxd4 a6 23. Ba4 b5 24. Bb3 Bxb3 25. cxb3 Qb6 26. Kh1 Bxd4 27. Rfe1 Bf2
28. Qh3 Bxe1 29. Rxe1 Rac8 30. Qh4 Rc2 31. h3 Qf2 32. Rg1 Qxh4 33. Bxh4 Rxa2 34.
Rc1 Rb2 35. Rc6 Rxb3 36. Rxa6 b4 37. Bf6+ Kg8 38. Be5 Rc8 39. Kh2 Rc2 40. Ra8+
Kf7 41. Ra7+ Ke6 42. Rxh7 Rd3 43. Rg7 b3 44. Rxg6+ Kf7 45. Rb6 Rdd2 46. Rb7+ Ke6
47. Rxb3 Rxg2+ 48. Kh1 Rh2+ 49. Kg1 Rxh3 50. Rb6+ Kd5 51. Rf6 Rb3 52. Rd6+ Kc5
53. Rd1 Ra3 54. Kf1 Rh2 55. Kg1 Re2 56. Kf1 Rc2 57. Rb1 Kc6 58. Rd1 Kb7 59. Rd7+
Kc6 60. Rf7 Kb6 61. Ke1 Rh2 62. Rf6+ Kb7 63. Rf7+ Kc8 64. Rf8+ Kd7 65. Rf7+ Ke6
66. Rf6+ Ke7 67. Bd4 Rg3 68. Bg1 Rxg1# 0-1

[Event "ch-FRA Blitz Online Qual"]
[Site "Europe-Chess INT"]
[Date "2020.05.16"]
[Round "11"]
[White "Grimault, Leane"]
[Black "Tempier, Martin"]
[Result "1-0"]
[WhiteElo "1622"]
[BlackElo "1357"]
[WhiteFideId "36056847"]
[BlackFideId "36009300"]
[EventDate "2020.05.16"]

1. c4 e5 2. Nc3 Nf6 3. Nf3 Nc6 4. e4 Bb4 5. d3 d6 6. g3 Bg4 7. h3 Bh5 8. g4 Bg6
9. Bg2 O-O 10. O-O a6 11. Be3 Qd7 12. a3 Ba5 13. b4 Bb6 14. Bxb6 cxb6 15. Re1 b5
16. c5 Rfd8 17. d4 exd4 18. Nxd4 dxc5 19. Nxc6 Qxc6 20. Qb3 c4 21. Qb2 Qe6 22.
f4 Nxg4 23. f5 Qd7 24. hxg4 1-0

[Event "ch-FRA Blitz Online Qual"]
[Site "Europe-Chess INT"]
[Date "2020.05.16"]
[Round "11"]
[White "Coelho, Laurent"]
[Black "Thobie, Pascal"]
[Result "0-1"]
[WhiteElo "1617"]
[BlackElo "1216"]
[WhiteFideId "45104840"]
[BlackFideId "651001187"]
[EventDate "2020.05.16"]

1. e4 e6 2. d4 d5 3. Nc3 c5 4. exd5 exd5 5. Bb5+ Nc6 6. Qe2+ Be6 7. Be3 cxd4 8.
Bxd4 Nf6 9. Nf3 a6 10. Ba4 Bb4 11. O-O O-O 12. Ne5 Qc7 13. Nxc6 bxc6 14. Bxf6
gxf6 15. Qf3 Qe5 16. Rfe1 Qf5 17. Qxf5 Bxf5 18. Bxc6 Rac8 19. Bxd5 Bxc3 20. bxc3
Rxc3 21. Bb3 Rfc8 22. h3 Bxc2 23. Bxc2 Rxc2 24. Kf1 Kg7 25. Re2 R8c6 26. Rxc2
Rxc2 27. a4 a5 28. Ke1 Rc4 29. f3 Rb4 30. Kf2 Kg6 31. Ke3 h6 32. Ra3 f5 33. Ra2
Kg5 34. g3 f4+ 35. gxf4+ Rxf4 36. Rg2+ Kf5 37. Rg4 Rxg4 38. hxg4+ Ke5 39. f4+
Kd5 40. Kd3 f6 0-1

[Event "ch-FRA Blitz Online Qual"]
[Site "Europe-Chess INT"]
[Date "2020.05.16"]
[Round "11"]
[White "Falip Morales, Tom"]
[Black "Andre, Sebastien"]
[Result "1-0"]
[WhiteElo "1344"]
[BlackElo "1610"]
[WhiteFideId "45181764"]
[BlackFideId "26016982"]
[EventDate "2020.05.16"]

1. e4 d5 2. exd5 Qxd5 3. Nc3 Qa5 4. d4 e6 5. Bd2 c6 6. Bc4 Nf6 7. Nd5 Qd8 8.
Nxf6+ Qxf6 9. Nf3 b5 10. Bd3 Bd6 11. O-O O-O 12. Re1 Bb7 13. Ng5 g6 14. Ne4 Qe7
15. Nxd6 Qxd6 16. Bh6 Rd8 17. Qf3 Qxd4 18. Rad1 Qxb2 19. Bxb5 Rxd1 20. Rxd1 Nd7
21. Rxd7 Qb1+ 22. Rd1 Qxb5 23. Qf6 1-0

[Event "ch-FRA Blitz Online Qual"]
[Site "Europe-Chess INT"]
[Date "2020.05.16"]
[Round "11"]
[White "Suspene, Jacques"]
[Black "Langer, Franck"]
[Result "1-0"]
[WhiteElo "1610"]
[BlackElo "1327"]
[WhiteFideId "651023059"]
[BlackFideId "45175063"]
[EventDate "2020.05.16"]

1. e4 c5 2. c3 Nf6 3. e5 Nd5 4. d4 cxd4 5. Bc4 Nb6 6. Bb3 dxc3 7. Nxc3 Nc6 8.
Nf3 e6 9. Nb5 a6 10. Nd6+ Ke7 11. O-O h6 12. Re1 Qc7 13. Nd4 Nxd4 14. Qxd4 Kd8
15. Nxf7+ Ke8 16. Nxh8 1-0

[Event "ch-FRA Blitz Online Qual"]
[Site "Europe-Chess INT"]
[Date "2020.05.16"]
[Round "11"]
[White "Stoll, Lucia"]
[Black "Flores, Christophe"]
[Result "1-0"]
[WhiteElo "1561"]
[BlackElo "1332"]
[WhiteFideId "45133301"]
[BlackFideId "45163758"]
[EventDate "2020.05.16"]

1. e4 Nc6 2. Nf3 f5 3. exf5 d5 4. d4 Bxf5 5. Bd3 Bg4 6. Be3 Nf6 7. h3 Bh5 8.
Nbd2 e6 9. Qe2 Bd6 10. c3 O-O 11. g4 Be8 12. O-O-O a5 13. Ng5 g6 14. Nxe6 Qe7
15. Nxf8 Qxf8 16. f4 Bd7 17. Rdf1 Re8 18. Qf2 Ne4 19. Nxe4 dxe4 20. Bc4+ Be6 21.
d5 Bf7 22. Bb5 Na7 23. Bxe8 Qxe8 24. Bxa7 Qb5 25. Bd4 Bxd5 26. b3 1-0

[Event "ch-FRA Blitz Online Qual"]
[Site "Europe-Chess INT"]
[Date "2020.05.16"]
[Round "11"]
[White "Robine, Guillaume"]
[Black "Anas, Jacques"]
[Result "1-0"]
[WhiteElo "1571"]
[BlackElo "1304"]
[WhiteFideId "45127352"]
[BlackFideId "36094552"]
[EventDate "2020.05.16"]

1. e4 c5 2. Nc3 Nc6 3. f4 e6 4. Nf3 d5 5. Bb5 d4 6. Ne2 a6 7. Bxc6+ bxc6 8. d3
Be7 9. O-O Nf6 10. b3 O-O 11. a4 Qc7 12. Ba3 Nh5 13. Ne5 f6 14. Nc4 Nxf4 15.
Nxf4 g5 16. Ne2 f5 17. Ng3 f4 18. Nh1 e5 19. Qh5 Be6 20. Nf2 Bf7 21. Qe2 Bxc4
22. dxc4 Rf6 23. Qg4 Rh6 24. Nd3 Rh4 25. Qe6+ Kf8 26. Nxc5 Rd8 27. Nd3 Rd6 28.
Bxd6 Qxd6 29. Qxd6 Bxd6 30. b4 Ke7 31. b5 axb5 32. axb5 cxb5 33. c5 f3 34. cxd6+
Ke6 35. d7 1-0

[Event "ch-FRA Blitz Online Qual"]
[Site "Europe-Chess INT"]
[Date "2020.05.16"]
[Round "11"]
[White "Gabino, Karl"]
[Black "Gouait, Raymond"]
[Result "1-0"]
[WhiteElo "1331"]
[BlackElo "1566"]
[WhiteFideId "45135886"]
[BlackFideId "20621604"]
[EventDate "2020.05.16"]

1. e4 c5 2. Nf3 d6 3. d4 cxd4 4. Nxd4 Nf6 5. Nc3 a6 6. f3 e5 7. Nb3 b5 8. Be3
Be7 9. Be2 O-O 10. Bg5 h6 11. Bh4 g5 12. Bf2 Be6 13. Qd2 Nc6 14. Nd5 Bxd5 15.
exd5 Nb8 16. O-O Nbd7 17. Na5 Nb8 18. b3 Nfd7 19. c4 Nc5 20. cxb5 axb5 21. Nc6
Nxc6 22. dxc6 Qc7 23. Bxb5 Rab8 24. Bc4 Qxc6 25. Rac1 Qd7 26. Bxc5 Qf5 27. Be3
Rfd8 28. Bd5 Rdc8 29. Rxc8+ Rxc8 30. Rc1 Rxc1+ 31. Qxc1 Qd3 32. Be4 Qa6 33. Qd2
Kg7 34. Bf2 Qc8 35. Qb2 Bf6 36. b4 Qd7 37. Qb3 Qe6 38. Qxe6 fxe6 39. b5 d5 40.
Bd3 Be7 41. a4 d4 42. b6 Bd6 43. a5 Kf7 44. a6 Bc5 45. b7 Ba7 46. Kf1 Ke7 47.
Ke2 Kd6 48. Be1 Kc7 49. Ba5+ Kc6 50. Kd2 Bb8 51. Kc2 Ba7 52. Kb3 Bb8 53. Kc4 Ba7
54. Kb4 Bb8 55. Bd8 Bd6+ 56. Ka5 Bc7+ 57. Bxc7 Kxc7 58. Be4 Kb8 59. Kb6 g4 60.
a7# 1-0

[Event "ch-FRA Blitz Online Qual"]
[Site "Europe-Chess INT"]
[Date "2020.05.16"]
[Round "11"]
[White "De Smet, Fabrice"]
[Black "Dincov, Ioan"]
[Result "0-1"]
[WhiteElo "1520"]
[BlackElo "1549"]
[WhiteFideId "45129657"]
[BlackFideId "45118612"]
[EventDate "2020.05.16"]

1. e4 e6 2. d4 d5 3. Nc3 Nf6 4. e5 Nfd7 5. f4 b6 6. Nf3 Ba6 7. Bxa6 Nxa6 8. a3
Rc8 9. O-O c5 10. Be3 Nab8 11. Qe2 Nc6 12. b4 cxb4 13. axb4 Bxb4 14. Nb5 a5 15.
c3 Be7 16. Rfc1 O-O 17. c4 dxc4 18. Rxc4 Bb4 19. Rac1 Qe7 20. Rxc6 Rxc6 21. Rxc6
Nb8 22. Rxb6 Rc8 23. d5 exd5 24. Qd3 Nd7 25. Rb7 Qe6 26. Nbd4 Nc5 27. Qb5 Nd3
28. Rc7 Rxc7 29. Qxd3 Rc3 30. Qa6 Qxa6 31. Kf2 Rc2+ 32. Kg3 Rc3 33. Bf2 a4 34.
Be1 a3 35. Bxc3 Bxc3 36. Nc2 a2 37. Nfd4 a1=Q 38. Ne6 Qxe6 39. Nxa1 Bxa1 40. h3
Bxe5 41. fxe5 Qxe5+ 42. Kf2 d4 43. Kf1 d3 44. Kf2 d2 45. Kf1 d1=Q+ 0-1

[Event "ch-FRA Blitz Online Qual"]
[Site "Europe-Chess INT"]
[Date "2020.05.16"]
[Round "11"]
[White "Gouja, Wissem"]
[Black "Hetier, Thomas"]
[Result "1-0"]
[WhiteElo "1346"]
[BlackElo "1598"]
[WhiteFideId "551013800"]
[BlackFideId "45146586"]
[EventDate "2020.05.16"]

1. e4 c5 2. Nf3 d6 3. c3 Nc6 4. Be2 e5 5. d4 cxd4 6. cxd4 exd4 7. Nxd4 Nf6 8.
Nc3 Be7 9. O-O O-O 10. h3 Ne5 11. Qb3 a6 12. Be3 b5 13. f4 Ng6 14. Bf3 Bb7 15.
e5 dxe5 16. fxe5 Bxf3 17. exf6 Bxf6 18. Nxf3 Rc8 19. Rad1 Qc7 20. Nd5 Qc6 21.
Nxf6+ Qxf6 22. Ng5 Qe7 23. Nf3 Rc4 24. Rfe1 Qb7 25. a4 Rfc8 26. axb5 axb5 27.
Rc1 Qd7 28. Rxc4 bxc4 29. Qd1 Qb7 30. Ng5 h6 31. Nf3 Qxb2 32. Bd4 Qb7 33. Qb1
Qd7 34. Bc3 Qc7 35. Ne5 Nxe5 36. Rxe5 Qa7+ 37. Kh1 Qd7 38. Qe4 Qd1+ 39. Kh2 Qd3
40. Re8+ Rxe8 41. Qxe8+ Kh7 42. Qe5 Qg6 43. Qd4 1-0

[Event "ch-FRA Blitz Online Qual"]
[Site "Europe-Chess INT"]
[Date "2020.05.16"]
[Round "11"]
[White "Thibous, Mathis"]
[Black "Spano, Remy"]
[Result "0-1"]
[WhiteElo "1313"]
[BlackElo "1662"]
[WhiteFideId "45163014"]
[BlackFideId "26092948"]
[EventDate "2020.05.16"]

1. d4 Nf6 2. c4 c5 3. Nf3 g6 4. g3 Bg7 5. Bg2 O-O 6. O-O d6 7. dxc5 dxc5 8. Nc3
Nc6 9. Bf4 Bf5 10. a3 Qxd1 11. Rfxd1 Rfd8 12. Nb5 a6 13. Nc7 Rac8 14. Nd5 Nxd5
15. cxd5 Na5 16. Nh4 Bc2 17. Rf1 Nb3 18. Ra2 Nd4 19. e3 Ne2+ 20. Kh1 Bb3 21.
Raa1 Bc4 22. Rfe1 Bxb2 23. Rab1 Bxa3 24. Rxb7 f6 25. Bh3 Bxd5+ 26. f3 Bxb7 27.
Bxc8 Bxc8 28. Rxe2 g5 29. Ra2 Bb4 30. Rxa6 Bxa6 0-1

[Event "ch-FRA Blitz Online Qual"]
[Site "Europe-Chess INT"]
[Date "2020.05.16"]
[Round "11"]
[White "Gandreuil, Brice"]
[Black "Krajewski, Thomas"]
[Result "1-0"]
[WhiteElo "1500"]
[BlackElo "1273"]
[WhiteFideId "36078425"]
[BlackFideId "45103429"]
[EventDate "2020.05.16"]

1. e4 d5 2. exd5 Qxd5 3. Nc3 Qd8 4. Nf3 Nf6 5. d4 Bg4 6. Be2 e6 7. h3 Bxf3 8.
Bxf3 c6 9. O-O Be7 10. Bf4 O-O 11. Ne4 Nbd7 12. c3 Nd5 13. Bg3 N7f6 14. Nxf6+
Nxf6 15. Qc2 Bd6 16. Bxd6 Qxd6 17. Rae1 Rfe8 18. Re2 e5 19. dxe5 Rxe5 20. Rxe5
Qxe5 21. Qb3 Re8 22. Qxb7 Qb5 23. Bxc6 Qxb7 24. Bxb7 Rb8 25. Ba6 Rxb2 26. a4 Ra2
27. Bb5 a6 28. Rd1 h6 29. Bxa6 Rxa4 30. Bb5 Ra3 31. c4 Rc3 32. Kf1 Ne4 33. f3
Nc5 34. Rd5 Nb3 35. Ba4 Na5 36. Rxa5 Rxc4 37. Bd1 Rc1 38. Ke1 Rb1 39. Rc5 Rb2
40. Rc2 Rxc2 41. Bxc2 g6 42. Bb3 Kg7 43. Kf2 f5 44. Kg3 Kf6 45. Kf4 g5+ 46. Kg3
Ke5 47. Bc2 f4+ 48. Kg4 Kf6 49. Be4 Kg7 50. Kh5 Kf6 51. Kxh6 1-0